LEADER 01581nam 2200397 450 001 000015185 005 20050718115600.0 010 $a0-387-98639-1 100 $a20030721d1999----km-y0itay0103----ba 101 0 $aeng 102 $aUS 200 1 $a<> introduction to wavelets through linear algebra$fMichael W. Frazier 210 $aNew York [etc.]$cSpringer$dc1999 215 $aXVI, 501 p.$cill.$d25 cm. 225 2 $aUndergraduate texts in mathematics 454 1$12001$aUndergraduate texts in mathematics$921690 606 $aAlgebra lineare 676 $a515.2433$v(21. ed.)$9Analisi di Fourier e analisi in serie di funzioni 691 $a42-01$9Fourier analysis. Instructional exposition (textbooks, tutorial papers, etc.) 691 $a46Cxx$9Functional analysis. Inner product spaces and their generalizations, Hilbert spaces 691 $a65F50$9Numerical analysis. Numerical linear algebra. Sparse matrices 700 1$aFrazier,$bMichael W.$021756 801 0$aIT$bUniversità della Basilicata - B.I.A.$gRICA$2unimarc 912 $a000015185 996 $aUndergraduate texts in mathematics$921690 997 $aUNIBAS BAS $aMONSCI BAS $aSCIENZE CAT $aEXT002$b01$c20030721$lBAS01$h1252 CAT $c20050601$lBAS01$h1755 CAT $abatch$b01$c20050718$lBAS01$h1052 CAT $c20050718$lBAS01$h1111 CAT $c20050718$lBAS01$h1141 CAT $c20050718$lBAS01$h1156 FMT Z30 -1$lBAS01$LBAS01$mBOOK$1BASA5$ADipartimento Matematica$2GEN$BCollezione generale$3MAT$65105$5M5105$820030721$f51$FRiservati LEADER 01402cam0-22003971i-450 001 990006148930403321 005 20210520151715.0 035 $a000614893 035 $aFED01000614893 035 $a(Aleph)000614893FED01 035 $a000614893 100 $a20000112d1857----km-y0itay50------ba 101 0 $aita 102 $aIT 105 $ay-------001yy 200 1 $aDella scienza del ben vivere sociale e della economia pubblica e degli Stati$eparte storica e di preliminari dottrine$fLodovico Bianchini 205 $a2. ed. riv. ed accresciuta 210 $aNapoli$cStamperia Reale$d1857 215 $aXVII, 547 p.$d24 cm 451 0$1001990006148920403321 610 0 $aEconomia$aStoria$aSec. 15.-16. 676 $a336 700 1$aBianchini,$bLodovico$f<1803-1871>$04265 801 0$aIT$bUNINA$gRICA$2UNIMARC 856 4 $zVisualizza la versione elettronica in SBNWeb$uhttps://books.google.it/books?id=jBVetWnb3w8C&printsec=frontcover&hl=it&source=gbs_ge_summary_r&cad=0#v=onepage&q&f=false$e20210514 901 $aBK 912 $a990006148930403321 952 $aXV B 397$b66355$fFGBC 952 $aXV N 79$b11040$fFGBC 952 $aSE 029.04.17-$fDECSE 952 $aSE 029.04.019-$b7501$fDECSE 959 $aFGBC 959 $aDECSE 996 $aDella scienza del ben vivere sociale e della economia pubblica e degli Stati$9645926 997 $aUNINA DB $aING01